ბათუმის შოთა რუსთაველის სახელმწიფო უნივერსიტეტის ბიბლიოთეკა

სისხლის სამართალი.ზოგადი და კერძო ნაწილები. (ბიბ.ჩანაწერი № 45548)

000 -LEADER
fixed length control field 01031nam a2200205Ia 4500
001 - CONTROL NUMBER
control field 12373
003 - CONTROL NUMBER IDENTIFIER
control field GE_BSU
008 - FIXED-LENGTH DATA ELEMENTS--GENERAL INFORMATION
fixed length control field 181216s||||||||xx |||||||||||||| ||und||
040 ## - CATALOGING SOURCE
Transcribing agency GE_BSU
080 ## - UNIVERSAL DECIMAL CLASSIFICATION NUMBER
Universal Decimal Classification number 343(479.22)
100 ## - MAIN ENTRY--PERSONAL NAME
Personal name სალუქვაძე,ბადრი.
245 ## - TITLE STATEMENT
Title სისხლის სამართალი.ზოგადი და კერძო ნაწილები.
245 ## - TITLE STATEMENT
Remainder of title მეთოდური მითითებები,სასწავლო პროგრამები და ბიბლიოგრაფია.
245 ## - TITLE STATEMENT
Statement of responsibility, etc. რედ:ომარ მინდაძე.
260 ## - PUBLICATION, DISTRIBUTION, ETC.
Place of publication, distribution, etc. თბილისი.
260 ## - PUBLICATION, DISTRIBUTION, ETC.
Date of publication, distribution, etc. 2002
300 ## - PHYSICAL DESCRIPTION
Extent 113გვ;21სმ.
653 ## - INDEX TERM--UNCONTROLLED
Uncontrolled term სისხლის სამართალი.ზოგადი და კერძო ნაწილები.მეთოდური მითითებები,სასწავლო პროგრამები და ბიბლიოგრაფია.
942 ## - ADDED ENTRY ELEMENTS (KOHA)
Koha item type წიგნი
ეგზემპლარები
Withdrawn status Lost status Damaged status Not for loan Date acquired Barcode Date last seen Price effective from Koha item type
        2018-12-17 20645 2018-12-17 2018-12-17 წიგნი